| 000 | 01674cam a22003973a 4500 | ||
|---|---|---|---|
| 999 |
_c28560 _d28531 |
||
| 001 | 13954511 | ||
| 003 | EG-ScBUE | ||
| 005 | 20200816114738.0 | ||
| 008 | 050506t2006 njua f b 001 0 eng d | ||
| 020 | _a0131855220 (pbk.) | ||
| 020 | _a9780131855229 | ||
| 035 | _a(OCoLC)ocm61424781 | ||
| 040 |
_aUKM _beng _erda _cUKM _dBAKER _dOCO _dWTU _dDLC _dEG-ScBUE |
||
| 082 | 0 | 4 |
_a005.43 _bHER _222 |
| 100 | 1 |
_aHerington, Dan, _eauthor. |
|
| 245 | 1 | 4 |
_aThe HP virtual server environment : _bmaking the adaptive enterprise vision a reality in your datacenter / _cDan Herington and Bryan Jacquot. |
| 246 | 3 | _aHewlett-Packard virtual server environment | |
| 264 | 1 |
_aUpper Saddle River, NJ : _bPearson Education, Inc., _c[2006] |
|
| 264 | 4 | _cc2006 | |
| 300 |
_axx, 529 pages : _billustrations ; _c24 cm |
||
| 336 |
_2rdacontent _atext _btxt |
||
| 337 |
_2rdamedia _aunmediated _bn |
||
| 338 |
_2rdacarrier _avolume _bnc |
||
| 504 | _aIncludes bibliographical references and index. | ||
| 650 | 7 |
_aVirtual computer systems. _2BUEsh |
|
| 650 | 7 |
_aClient/server computing. _2BUEsh |
|
| 650 | 7 |
_aBusiness _xData processing. _2BUEsh |
|
| 653 |
_bMASIICCSS _cJuly2020 |
||
| 655 |
_vReading book _934232 |
||
| 700 | 1 |
_aJacquot, Bryan, _eauthor. |
|
| 906 |
_a7 _bcbc _ccopycat _d2 _encip _f20 _gy-gencatlg |
||
| 942 |
_2ddc _cBB |
||